000 00666nam a2200229Ia 4500
001 393030
003 EC-QuCCB
007 ta
008 130917s1999 sp gr 000 0 spa d
040 _aEC-QuCCB
041 _aspa
082 _a980
_bA958
100 1 _aAvila Bottía, Gilberto‏, ‎
_925299
_d1930-‏
245 1 0 _aNuestra América y el parlamento latinoamericano
_cGilberto Avila Bottia
260 _aBoyacá, Colombia :
_bGobernación de Boyacá - Academia Boyacense de Historia,
_c1999
336 _atexto
_btxt
337 _ano mediado
_bn
338 _avolumen
_bnc
590 _almg
651 4 _916393
_aAmérica Latina
_xHistoria
942 _2ddc
_cBK
999 _c3538
_d3538